UBT Library

Nursing research : (Record no. 41499)

000 -LEADER
fixed length control field 00633cam a2200229 i 4500
001 - CONTROL NUMBER
control field 4155615
005 - DATE AND TIME OF LATEST TRANSACTION
control field 20180201050559.0
008 - FIXED-LENGTH DATA ELEMENTS--GENERAL INFORMATION
fixed length control field 780607s1978 paua b 001 0 eng
010 ## - LIBRARY OF CONGRESS CONTROL NUMBER
LC control number 78018493
020 ## - INTERNATIONAL STANDARD BOOK NUMBER
International Standard Book Number 0397542208
040 ## - CATALOGING SOURCE
Original cataloging agency DLC
Transcribing agency DLC
Modifying agency DLC
041 ## - LANGUAGE CODE
Language code of text/sound track or separate title eng
060 ## - NATIONAL LIBRARY OF MEDICINE CALL NUMBER
Classification number WY20.5 P796n
080 ## - UNIVERSAL DECIMAL CLASSIFICATION NUMBER
Universal Decimal Classification number 610.73/072 DER
082 00 - DEWEY DECIMAL CLASSIFICATION NUMBER
Classification number 610.73/072 DER
100 2# - Rafti
Rafti 2
101 ## - Shkurtesa
Shkurtesa NUR
245 10 - TITLE STATEMENT
Title Nursing research :
Statement of responsibility, etc by Denise F. Polit, Bernadette P. Hungler.
504 ## - BIBLIOGRAPHY, ETC. NOTE
Bibliography, etc Includes bibliographies and index.
906 ## - LOCAL DATA ELEMENT F, LDF (RLIN)
a 7
b cbc
c orignew
d 1
e ocip
f 19
g y-gencatlg
942 ## - ADDED ENTRY ELEMENTS (KOHA)
Source of classification or shelving scheme
Item type Books
Holdings
Withdrawn status Lost status Source of classification or shelving scheme Damaged status Not for loan Collection code Permanent location Current location Shelving location Date acquired Total Checkouts Full call number Barcode Date last seen Price effective from Koha item type
          Koleksioni i përgjithshem UBT - Lipjan UBT - Lipjan Koleksioni i përgjithshem 02/01/2018   610.73/072 DER 002-2997743 02/01/2018 02/01/2018 Books
UBT Library © 2015-2024. All rights reserved University Education for Business and Technology